000 00505nam a2200193 4500
005 20250806145618.0
010 _aENG-146409
020 _a9789349042049
_c299.00
035 _aEN-129941
037 _bDBAD
082 _aN
100 _aJerome K Jerome
_983875
245 _aThree Men on the Bummel/
_cJerome K Jerome
250 _a1
260 _aChandigarh
_bThe Browser
_c2025
270 _aSCO-14,15, Sector 8-C
_bChandigarh
_e160009
300 _a168p.
_c20cm(pb)
942 _2ddc
_cEN
_hN
_mJER
999 _c212905
_d212905